Poverty an international glossary /
Esta segunda edición del glosario internacional sobre la pobreza contiene más de 200 términos técnicos usados en la investigación académica contemporánea sobre la pobreza.
שמור ב:
| מחבר תאגידי: | |
|---|---|
| מחברים אחרים: | , , |
| פורמט: | לא ידוע |
| שפה: | English |
| יצא לאור: |
London :
CROP ; CISS ; Zed Books
|
| מהדורה: | 2nd ed. |
| נושאים: | |
| תגים: |
הוספת תג
אין תגיות, היה/י הראשונ/ה לתייג את הרשומה!
|
MARC
| LEADER | 00000 a2200000 04500 | ||
|---|---|---|---|
| 001 | 43885 | ||
| 003 | cru CIDCACS/IIS | ||
| 005 | 20170126175610.0 | ||
| 008 | 050628s2006 -uk eng d | ||
| 020 | |a 9781842778234 | ||
| 040 | |a cru CIDCACS/IIS |c cru CIDCACS/IIS | ||
| 090 | |a R03.02.05 S754p | ||
| 110 | |a International Studies in Poverty Research | ||
| 245 | |a Poverty an international glossary / |c edited by Paul Spicker, Sonia Alvarez Leguizamón, David Gordon | ||
| 250 | |a 2nd ed. | ||
| 260 | |a London : |b CROP ; CISS ; Zed Books | ||
| 300 | |a 246 páginas | ||
| 500 | |a También versión en español | ||
| 520 | |a Esta segunda edición del glosario internacional sobre la pobreza contiene más de 200 términos técnicos usados en la investigación académica contemporánea sobre la pobreza. | ||
| 590 | |a RRA/NOVIEMBRE2012 | ||
| 650 | |a POBREZA | ||
| 650 | |a GLOSARIOS | ||
| 650 | |a TERMINOLOGIA | ||
| 700 | |a Spicker, Paul | ||
| 700 | |a Alvarez Leguizamón, Sonia | ||
| 700 | |a Gordon, David | ||
| 942 | |2 ddc |c LI |i 14325 |k R03.02.05 |m S754p |6 14325_000000000000000 | ||
| 999 | |c 12189 |d 12189 | ||



